[Event "Cutro op-B 12th"]
[Site "Cutro"]
[Date "2006.04.24"]
[Round "2"]
[White "Abbruzzese, Alfredo"]
[Black "Policastrese, Salvatore"]
[Result "0-1"]
[WhiteElo "1380"]
[BlackElo "1440"]
[PlyCount "57"]
[EventDate "2006.04.23"]
[EventType "swiss"]
[EventRounds "9"]
[EventCountry "ITA"]
[SourceTitle "EXT 2007"]
[Source "ChessBase"]
[SourceDate "2006.11.23"]
[SourceVersion "1"]
[SourceVersionDate "2006.11.23"]
[SourceQuality "1"]

1. e4 e5 2. Nf3 Nc6 3. Bc4 h6 4. 0-0 Nf6 5. Nc3 Bc5 6. h3 0-0 7. d3 Re8 8. a3 a5 9. Bd2 d6 10. Re1 Ne7 11. Ne2 c6 12. b4 Bb6 13. a4 d5 14. Bb3 Qd6 15. c3 dxe4 16. dxe4 Nxe4 17. Bc2 Nxf2 18. Qc1 Nd3+ 19. Be3 Nxc1 20. Nxc1 Bxe3+ 21. Rxe3 axb4 22. cxb4 Nf5 23. Rd3 Qxb4 24. Na2 Qc5+ 25. Kh2 Qxc2 26. Ra3 Rxa4 27. Nc3 Rxa3 28. Rxa3 Qc1 29. Ng1 0-1